00420nam a22001457a 450000500170000000800410001702200130005804100250007108200120009610000250010824500420013326000440017530000290021965000260024820240312144000.0240312b |||||||| |||| 00| 0 eng d a02577747 aAfrikaans / English  a349 TYD lAfrikaans / English  aTydskrif vir die Suid-Afrikaanse Reg  aKaapstad : bJuta en Kie Beperk, c2007 b221 blaadsye ; c25 cm.  aLegal practice bLaw